000 00678nam a2200277 4500
001 252471
003 DO-SdBNP
005 20180223151505.0
007 252471
008 891002s1981 sp a |||0||spa
016 7 _a
_z
_2BPMSU
017 _a
_b
020 _a8430512055
035 _a
040 _a BPMSU
_bspa
_cBPMSU
_e
080 0 _a
245 0 0 _a¿Sabes cómo se hace...? /
_h
260 _aMadrid:
_bSusaeta,
_c1981.
300 _a61 p.:
_bil. ;
_c27 cm
490 0 _aViaje por la ciencia
500 _a
830 0 _aViaje por la ciencia
942 _2ddc
_cBK
945 _aInventariado, 2018/ YL
956 _a VMATEO
_210
_320160469
_6BPMSU
_80069
999 _c9792
_d9792